Spell the Marvel Hero #51 - Statistics

General Stats
  • This quiz has been taken 14 times
  • The average score is 7 of 9
Answer Stats
Picture Answer % Correct
Captain America
100%
Elektra
92%
Red Hulk
92%
U.S. Agent
92%
Elsa Bloodstone
85%
Silk
85%
Hercules
77%
Lady Sif
77%
Hummingbird
31%
No matching quizzes found
Score Distribution
Percent of People with Each Score
Percentile by Number Answered
Your Score History
You have not taken this quiz